000 00508nam a2200181 4500
001 116480
003 ES-MaACL
005 20230906190720.0
007 t|
008 061121s1960 sp r ||||1| spa d
100 1 _aPaula y Pardal, Julio de.
_989646
245 1 0 _aNociones de navegación marítima y aérea /
_cJulio de Paula y Pardal.
250 _a2ª ed.
260 _aMadrid :
_b[s. n.],
_c1960.
300 _a135 p. ;
_c21 cm.
500 _aEs multicopia.
852 _aES-MaACL
_jC-17959
_bR.45575
999 _c116480
_d116480